000
00270nam a2200097Ia 4500
005
20250424112932.0
008
250424s9999 xx 000 0 und d
300
_a
v. , 100 p. : ill. ; 22 cm.
650
_a
African philology--Periodicals. Africa--Periodicals.
942
_c
SR
999
_c
37970
_d
37970